Premier League Clubs 2020/21 Season - Statistics

General Stats
  • This quiz has been taken 25 times
  • The average score is 19 of 20
Answer Stats
Clubs % Correct
Arsenal FC
100%
Aston Villa FC
100%
Burnley FC
100%
Chelsea FC
100%
Everton FC
100%
Leeds United FC
100%
Liverpool FC
100%
Manchester City FC
100%
Manchester United FC
100%
Tottenham Hotspur FC
100%
West Ham FC
100%
Wolverhampton Wanderers FC
100%
Fulham FC
96%
Leicester City FC
96%
Southampton FC
96%
West Bromwich Albion
96%
Newcastle United FC
92%
Brighton and Hove Albion FC
88%
Crystal Palace FC
79%
Sheffiled United FC
79%
No matching quizzes found
Score Distribution
Percent of People with Each Score
Percentile by Number Answered
Your Score History
You have not taken this quiz